Význam a možnosti sledovania nefinančných ukazovateľov výkonnosti v malých podnikoch

Trh a konkurencia ako predmet záujmu bánk pri stanovení ratingu podniku. Metodika hodnotenia skupiny produktov z hľadiska dodávateľov a z hľadiska zákazníkov. Hodnotenie skupiny produktov v porovnaní s konkurenciou. Sledovanie a hodnotenie podnikových schopností.

Salvato in:
Dettagli Bibliografici
Autore principale: Grančičová, Katarína, 1967-
Altri autori: Rybárová, Daniela, 1967-
Natura: Capitolo di libro
Lingua:slovacco
Soggetti:
Tags: Aggiungi Tag
Nessun Tag, puoi essere il primo ad aggiungerne!!

MARC

LEADER 00000nla$a2200000$$$4500
001 0084366
005 20240521074555.9
041 0 |a slo 
044 |a CZ 
245 1 0 |a Význam a možnosti sledovania nefinančných ukazovateľov výkonnosti v malých podnikoch  |c Katarína Grančičová, Daniela Rybárová 
520 |a Trh a konkurencia ako predmet záujmu bánk pri stanovení ratingu podniku. Metodika hodnotenia skupiny produktov z hľadiska dodávateľov a z hľadiska zákazníkov. Hodnotenie skupiny produktov v porovnaní s konkurenciou. Sledovanie a hodnotenie podnikových schopností. 
610 2 0 |a podnik 
610 2 0 |a výkony podnikové 
610 2 0 |a výkonnosť 
610 2 0 |a riadenie podnikové 
610 2 0 |a konkurencia 
610 2 0 |a trh 
610 2 0 |a zákazníci 
610 2 0 |a dodávatelia 
610 2 0 |a rating 
100 1 |a Grančičová, Katarína, 1967- 
700 1 |a Rybárová, Daniela, 1967-